WWF/WWE In Your House PPV Names - Statistics

General Stats
  • This quiz has been taken 117 times
  • The average score is 15 of 28
Answer Stats
Event Answer % Correct
May 1995 - In Your House 1 1
77%
December 1997 - In Your House 19 D-Generation X
74%
October 1997 - In Your House 18 Badd Blood
71%
February 1998 - In Your House 20 No Way Out of Texas
68%
July 1997 - In Your House 16 Canadian Stampede
64%
December 1998 - In Your House 26 Rock Bottom
64%
May 1996 - In Your House 8 Beware of Dog
62%
May 1998 - In Your House 22 Over the Edge
61%
April 1999 - In Your House 28 Backlash
59%
September 1996 - In Your House 10 Mind Games
59%
May 1997 - In Your House 15 A Cold Day in Hell
57%
July 1998 - In Your House 23 Fully Loaded
57%
April 1998 - In Your House 21 Unforgiven
57%
October 1998 - In Your House 25 Judgment Day
55%
February 1999 - In Your House 27 St. Valentine's Day Massacre
54%
September 1998 - In Your House 24 Breakdown
52%
April 1997 - In Your House 14 Revenge of the 'Taker
52%
October 1996 - In Your House 11 Buried Alive
51%
February 1997 - In Your House 13 Final Four
49%
April 1996 - In Your House 7 Good Friends, Better Enemies
49%
September 1997 - In Your House 17 Ground Zero
49%
December 1996 - In Your House 12 It's Time
45%
July 1996 - In Your House 9 International Incident
41%
February 1996 - In Your House 6 Rage in the Cage
33%
December 1995 - In Your House 5 Seasons Beatings
32%
October 1995 - In Your House 4 Great White North
30%
July 1995 - In Your House 2 The Lumberjacks
28%
September 1995 - In Your House 3 Triple Header
26%
No matching quizzes found
Score Distribution
Percent of People with Each Score
Percentile by Number Answered
Your Score History
You have not taken this quiz